| 000 | 00884nam a2200229 a 4500 | ||
|---|---|---|---|
| 003 | CBULib | ||
| 005 | 20240604073438.0 | ||
| 008 | 110506s2011 ||||||||||||||||| || u | ||
| 040 |
_aCBULib _bEnglish _cCBULib _dCBUlib _erda |
||
| 050 | _aUNECE(02)2011/5 | ||
| 110 | _aUnited Nations Economic Commission for Europe (UNECE) | ||
| 245 | 1 | 0 |
_aAction plan for energy-efficient housing in the UNECE region _c/by United Nations Economic Commission for Europe (UNECE) |
| 260 |
_aGeneva: _bUnited Nations Economic Commission for Europe (UNECE) _c2011 |
||
| 300 | _avi, 57pages.: illustrations | ||
| 336 |
_2rdacontent _aText | _btxt |
||
| 337 |
_2rdamedia _aUnmediated | _bc |
||
| 338 |
_2rdacarrier _aVolume _bnc |
||
| 650 | 0 |
_aHOUSING--EUROPE _92945 |
|
| 650 | 0 |
_aBUILDINGS--ENERGY CONSUMPTION _92946 |
|
| 942 |
_2mc _c029 |
||
| 999 |
_c33426 _d33426 |
||